[Event "Landesklasse West 2011/2012"]
[Site "?"]
[Date "2011.04.01"]
[Round "8"]
[White "Töpfer, Albrecht"]
[Black "Kampfhenkel, Ulrich"]
[Result "0-1"]
[WhiteElo "1851"]
[BlackElo "2003"]
[PlyCount "112"]
[EventDate "2011.??.??"]
[WhiteTeam "Ilmenauer SV"]
[BlackTeam "SV Ammern"]

1. c4 e5 2. g3 Nf6 3. Bg2 Bc5 4. Nc3 O-O 5. Nf3 Re8 6. O-O Nc6 7. e3 d6 8. a3
a5 9. h3 h6 10. d4 Ba7 11. d5 Ne7 12. b4 axb4 13. axb4 Bd7 14. Ba3 c6 15. dxc6
Bxc6 16. Qb3 Qd7 17. Kh2 b5 18. cxb5 Bxb5 19. Rfd1 Ng6 20. Nxb5 Qxb5 21. Rxd6
Rab8 22. Rc1 Bc5 23. Rdd1 Bf8 24. Rc7 Re7 25. Rdc1 Rxc7 26. Rxc7 Qd5 27. Qc2 e4
28. Nd2 Bxb4 29. Rc8+ Rxc8 30. Qxc8+ Bf8 31. Nc4 h5 32. Nb6 Qd3 33. Bc5 Qd2 34.
Bxf8 Nxf8 35. Qf5 h4 36. g4 Qd6+ 37. Qf4 Qxb6 38. g5 Nh5 39. Qxe4 Qd6+ 40. Kg1
Qd1+ 41. Bf1 g6 42. Qxh4 Ne6 43. Qg4 Qd5 44. Bc4 Qe5 45. h4 Nhg7 46. Kg2 Nf5
47. Bd3 Nd6 48. Qf3 Nc5 49. Bc2 Nde4 50. Qg4 Qd5 51. Kg1 Nd3 52. f3 Nd2 53.
Qc8+ Kh7 54. Qc7 Nxf3+ 55. Kf1 Nfe5 56. Bxd3 Qxd3+ 0-1

[Event "Landesklasse West 2011/2012"]
[Site "?"]
[Date "2011.04.01"]
[Round "8"]
[White "Wegerich, Michael"]
[Black "Ortlepp, Steffen"]
[Result "1-0"]
[WhiteElo "1990"]
[BlackElo "1826"]
[PlyCount "69"]
[EventDate "2011.??.??"]
[WhiteTeam "SV Ammern"]
[BlackTeam "Ilmenauer SV"]

1. e4 c5 2. Nf3 Nc6 3. d4 cxd4 4. Nxd4 g6 5. Nc3 Bg7 6. Be3 Nf6 7. Be2 O-O 8.
Qd2 d5 9. exd5 Nxd5 10. Nxd5 Qxd5 11. Bf3 Qc4 12. Nxc6 bxc6 13. Be2 Qd5 14.
Qxd5 cxd5 15. O-O-O e6 16. Bd4 Bb7 17. f4 Rfc8 18. Rhf1 a6 19. Rf3 Bc6 20. Rb3
Rcb8 21. Rxb8+ Rxb8 22. a3 Bb5 23. Bf3 f6 24. b3 Rd8 25. a4 Bc6 26. c4 e5 27.
fxe5 fxe5 28. Bb6 Rb8 29. a5 e4 30. cxd5 Bxd5 31. Rxd5 exf3 32. gxf3 Rc8+ 33.
Kd2 Bf6 34. Bd4 Bg5+ 35. Rxg5 1-0

[Event "Landesklasse West 2011/2012"]
[Site "?"]
[Date "2011.04.01"]
[Round "8"]
[White "Sukaylo, Aleksey"]
[Black "Kurze, Christoph"]
[Result "1-0"]
[WhiteElo "1931"]
[BlackElo "1935"]
[PlyCount "95"]
[EventDate "2011.??.??"]
[WhiteTeam "Ilmenauer SV"]
[BlackTeam "SV Ammern"]

1. e4 c5 2. Nf3 d6 3. d4 cxd4 4. Nxd4 Nf6 5. Nc3 a6 6. Bg5 Nbd7 7. Qe2 Qa5 8.
f4 h6 9. Nb3 Qc7 10. Bxf6 Nxf6 11. e5 Bg4 12. Qc4 Qxc4 13. Bxc4 Nd7 14. exd6
exd6 15. Bd5 Rb8 16. Na5 Be7 17. Bxb7 Bf6 18. Nd5 Bxb2 19. Rb1 Bd4 20. Nc6 Rxb7
21. Rxb7 Bc5 22. Nc7+ Kf8 23. h3 Bf5 24. Nxa6 Be3 25. g4 Be4 26. Rxd7 Bxc6 27.
Rxd6 Bxh1 28. Rd8+ Ke7 29. Rxh8 Bxf4 30. Nb4 Bb7 31. a4 Bd6 32. c3 Bc7 33. Kd2
Bg2 34. h4 Bf3 35. Ke3 Bb7 36. c4 Kd6 37. Kd4 Bb6+ 38. Kc3 Ba5 39. Rb8 Bf3 40.
Rb5 Bd8 41. g5 Ke6 42. a5 f5 43. gxh6 gxh6 44. a6 Bxh4 45. a7 Bf2 46. c5 h5 47.
Rb6+ Kf7 48. Rc6 1-0

[Event "Landesklasse West 2011/2012"]
[Site "?"]
[Date "2011.04.01"]
[Round "8"]
[White "Schorch, Rüdiger"]
[Black "Lorenz, Erik Roman"]
[Result "1-0"]
[WhiteElo "1913"]
[BlackElo "1660"]
[PlyCount "27"]
[EventDate "2011.??.??"]
[WhiteTeam "SV Ammern"]
[BlackTeam "Ilmenauer SV"]

1. c4 e5 2. Nc3 Nf6 3. Nf3 Nc6 4. g3 Bc5 5. Nxe5 Nxe5 6. d4 Bb6 7. dxe5 Ng4 8.
e3 Nxe5 9. Bg2 Nxc4 10. Qg4 Ne5 11. Qxg7 Ng6 12. Be4 Rf8 13. Nd5 Qg5 14. f4 1-0

[Event "Landesklasse West 2011/2012"]
[Site "?"]
[Date "2011.04.01"]
[Round "8"]
[White "Leuner, Klaus"]
[Black "Feigel, Andreas"]
[Result "1-0"]
[WhiteElo "1860"]
[BlackElo "1763"]
[PlyCount "45"]
[EventDate "2011.??.??"]
[WhiteTeam "Ilmenauer SV"]
[BlackTeam "SV Ammern"]

1. d4 d5 2. c4 c6 3. Nc3 Nf6 4. Nf3 dxc4 5. e4 b5 6. e5 Nd5 7. a4 a6 8. Be2 Bg4
9. axb5 Nxc3 10. bxc3 cxb5 11. Ng5 Bxe2 12. Qxe2 Qd5 13. e6 fxe6 14. Nxe6 Kd7
15. Nf4 Qf5 16. g4 Qf7 17. Qe4 Ra7 18. d5 Kc8 19. Be3 Rb7 20. Ne6 Qe8 21. Qd4
Nd7 22. Rxa6 Rg8 23. Rc6+ 1-0

[Event "Landesklasse West 2011/2012"]
[Site "?"]
[Date "2011.04.01"]
[Round "8"]
[White "Hoang Le, Trung"]
[Black "Schenk, Stefan"]
[Result "0-1"]
[WhiteElo "1778"]
[BlackElo "1839"]
[PlyCount "92"]
[EventDate "2011.??.??"]
[WhiteTeam "SV Ammern"]
[BlackTeam "Ilmenauer SV"]

1. e4 c5 2. c3 Nf6 3. d3 d6 4. Nd2 g6 5. g3 Bg7 6. Bg2 O-O 7. Ngf3 Nc6 8. O-O
Rb8 9. Qc2 Nd7 10. Nc4 b5 11. Ne3 a5 12. Bd2 Ba6 13. Rfe1 b4 14. c4 Nde5 15.
Nxe5 Nxe5 16. Nd5 e6 17. Nf4 Nc6 18. Ne2 Qf6 19. Rab1 Ne5 20. f4 Nd7 21. Be3
Qd8 22. d4 Qc7 23. b3 a4 24. f5 exf5 25. exf5 a3 26. Rbd1 Nf6 27. dxc5 dxc5 28.
Bf4 Qc8 29. Bxb8 Qxb8 30. Nf4 Bc8 31. fxg6 hxg6 32. Nd5 Nxd5 33. Bxd5 Bd4+ 34.
Kg2 Bf5 35. Be4 Bg4 36. Rxd4 cxd4 37. Bxg6 Qd6 38. Be4 Qh6 39. Qd3 Bh3+ 40. Kh1
Qf6 41. g4 Qf2 42. Rd1 Re8 43. Qxd4 Bg2+ 44. Bxg2 Re1+ 45. Rxe1 Qxd4 46. Bf3
Qf2 0-1

[Event "Landesklasse West 2011/2012"]
[Site "?"]
[Date "2011.04.01"]
[Round "8"]
[White "Dennler, Günter"]
[Black "Hensel, Thomas"]
[Result "1/2-1/2"]
[WhiteElo "1821"]
[BlackElo "1586"]
[PlyCount "134"]
[EventDate "2011.??.??"]
[WhiteTeam "Ilmenauer SV"]
[BlackTeam "SV Ammern"]

1. e4 c5 2. g3 d6 3. Bg2 Nf6 4. Ne2 e5 5. d3 Be7 6. Nbc3 O-O 7. O-O Be6 8. h3
Nc6 9. Nd5 Nd4 10. c3 Nxe2+ 11. Qxe2 Nxd5 12. exd5 Bd7 13. Re1 Re8 14. Be3 f5
15. Qd2 Qc8 16. Kh2 Bf6 17. b3 b5 18. Rac1 a5 19. d4 c4 20. dxe5 Bxe5 21. Bf4
Qc5 22. Bxe5 dxe5 23. bxc4 Qxc4 24. Bf1 Qc5 25. c4 b4 26. Qe3 Rac8 27. Qxc5
Rxc5 28. Rcd1 Kf7 29. Re3 Kf6 30. a3 Rb8 31. Rb1 Ba4 32. f3 g5 33. Kg2 h5 34.
axb4 Rxb4 35. Rbe1 Rb2+ 36. Kg1 Bb3 37. Rxe5 Bxc4 38. Re6+ Kf7 39. Re7+ Kf8 40.
d6 Bxf1 41. d7 Rd5 42. Re8+ Kf7 43. d8=Q Rxd8 44. Rxd8 Bxh3 45. Rd7+ Kf6 46.
Rd6+ Kf7 47. Rc1 Rb7 48. Rh6 Kg7 49. Rxh5 g4 50. Rxf5 Rb3 51. Rxa5 Rxf3 52.
Rc7+ Kf6 53. Rc6+ Ke7 54. Ra7+ Kd8 55. Rc1 Rxg3+ 56. Kh1 Rd3 57. Rh7 Rd2 58.
Ra1 Bg2+ 59. Kg1 Bf3 60. Raa7 Kc8 61. Rh8+ Rd8 62. Rxd8+ Kxd8 63. Kf2 Kc8 64.
Rg7 Kd8 65. Ke3 Ke8 66. Kd4 Kd8 67. Kc5 Kc8 1/2-1/2

[Event "Landesklasse West 2011/2012"]
[Site "?"]
[Date "2011.04.01"]
[Round "8"]
[White "Essegern, Kurt"]
[Black "Geißhirt, Marco"]
[Result "1/2-1/2"]
[WhiteElo "1979"]
[BlackElo "1846"]
[PlyCount "70"]
[EventDate "2011.??.??"]
[WhiteTeam "Randspringer Bad Salzungen"]
[BlackTeam "SG Barchfeld/Breitungen"]

1. e4 c6 2. d4 d5 3. Nc3 dxe4 4. Nxe4 Bf5 5. Ng3 g6 6. Nxf5 gxf5 7. Nf3 Nf6 8.
Bd3 Bg7 9. c3 e6 10. Qb3 Qb6 11. Bf4 Nbd7 12. Bd6 Rc8 13. O-O c5 14. dxc5 Nxc5
15. Qxb6 axb6 16. Bb5+ Ncd7 17. Ne5 Bf8 18. Nxd7 Nxd7 19. Rfd1 Rc6 20. Bxf8
Rxf8 21. Bxc6 bxc6 22. Rd6 Nb8 23. Rad1 Ke7 24. f4 Rc8 25. a4 Rc7 26. Rd8 Nd7
27. Rh8 Nc5 28. Rxh7 Nxa4 29. Rh3 Nxb2 30. Rb1 Nc4 31. Rd3 Ra7 32. h4 b5 33.
Kh2 f6 34. Rg3 Kd6 35. Rg6 Ne3 1/2-1/2

[Event "Landesklasse West 2011/2012"]
[Site "?"]
[Date "2011.04.01"]
[Round "8"]
[White "Rommel, Uwe"]
[Black "Hübschmann, Holger"]
[Result "1/2-1/2"]
[WhiteElo "1861"]
[BlackElo "1915"]
[PlyCount "33"]
[EventDate "2011.??.??"]
[WhiteTeam "SG Barchfeld/Breitungen"]
[BlackTeam "Randspringer Bad Salzungen"]

1. e4 e6 2. d4 d5 3. exd5 exd5 4. Nf3 Nf6 5. Bd3 Bd6 6. Qe2+ Be7 7. O-O O-O 8.
Ne5 c5 9. c3 Nc6 10. Be3 Nxe5 11. dxe5 Ng4 12. Bf4 Bg5 13. Bxg5 Qxg5 14. h3 Nh6
15. f4 Qe7 16. Nd2 f6 17. Qh5 1/2-1/2

[Event "Landesklasse West 2011/2012"]
[Site "?"]
[Date "2011.04.01"]
[Round "8"]
[White "Schulz, Tilo"]
[Black "Reum, Lutz"]
[Result "1/2-1/2"]
[WhiteElo "1870"]
[BlackElo "1859"]
[PlyCount "40"]
[EventDate "2011.??.??"]
[WhiteTeam "Randspringer Bad Salzungen"]
[BlackTeam "SG Barchfeld/Breitungen"]

1. d4 Nf6 2. c4 e6 3. Nc3 Bb4 4. e3 b6 5. Bd3 Bb7 6. f3 d5 7. a3 Bxc3+ 8. bxc3
Nbd7 9. Ne2 O-O 10. O-O dxc4 11. Bxc4 e5 12. e4 exd4 13. cxd4 c5 14. Bg5 cxd4
15. Qxd4 Qe7 16. Bf4 Qc5 17. Bd6 Qxd4+ 18. Nxd4 Rfe8 19. Rfd1 Rac8 20. Rac1 g6
1/2-1/2

[Event "Landesklasse West 2011/2012"]
[Site "?"]
[Date "2011.04.01"]
[Round "8"]
[White "Crivellaro, Heiko"]
[Black "Essegern, Uwe"]
[Result "1/2-1/2"]
[WhiteElo "1796"]
[BlackElo "1875"]
[PlyCount "39"]
[EventDate "2011.??.??"]
[WhiteTeam "SG Barchfeld/Breitungen"]
[BlackTeam "Randspringer Bad Salzungen"]

1. f4 g6 2. Nf3 Bg7 3. e4 d6 4. Be2 Nf6 5. d3 O-O 6. O-O c5 7. c3 Nc6 8. Qe1 e6
9. Kh1 Re8 10. Nbd2 b5 11. Ng5 h6 12. Nh3 b4 13. Nc4 d5 14. Nd2 bxc3 15. bxc3
Nxe4 16. Nxe4 dxe4 17. dxe4 Nb4 18. Bd1 Nd3 19. Qd2 Nxc1 20. Qxd8 1/2-1/2

[Event "Landesklasse West 2011/2012"]
[Site "?"]
[Date "2011.04.01"]
[Round "8"]
[White "Roth, Ralf"]
[Black "Heß, Wolfgang"]
[Result "1/2-1/2"]
[WhiteElo "1853"]
[BlackElo "1738"]
[PlyCount "54"]
[EventDate "2011.??.??"]
[WhiteTeam "Randspringer Bad Salzungen"]
[BlackTeam "SG Barchfeld/Breitungen"]

1. Nc3 d5 2. e4 dxe4 3. Nxe4 Bf5 4. Ng3 Bg6 5. Nf3 e6 6. d4 Bd6 7. Bd3 Nf6 8.
Bg5 Nbd7 9. a3 c6 10. Qe2 Qc7 11. c4 Bxd3 12. Qxd3 Qc8 13. Bd2 Qc7 14. Ne2 b6
15. Nc3 a6 16. h3 b5 17. cxb5 axb5 18. Rc1 Qb7 19. Ne4 Be7 20. Bg5 Rc8 21. O-O
Nxe4 22. Qxe4 Bxg5 23. Nxg5 Nf6 24. Qf3 O-O 25. Rc2 Nd5 26. Rfc1 Qd7 27. Qe4
Nf6 1/2-1/2

[Event "Landesklasse West 2011/2012"]
[Site "?"]
[Date "2011.04.01"]
[Round "8"]
[White "Abe, Rico"]
[Black "Kunze, Heinz"]
[Result "0-1"]
[WhiteElo "1723"]
[BlackElo "1701"]
[PlyCount "107"]
[EventDate "2011.??.??"]
[WhiteTeam "SG Barchfeld/Breitungen"]
[BlackTeam "Randspringer Bad Salzungen"]

1. e4 c5 2. Nf3 Nc6 3. d4 cxd4 4. Nxd4 e6 5. Be2 a6 6. O-O Qc7 7. Be3 Nf6 8.
Nd2 Bd6 9. h3 Bf4 10. Bxf4 Qxf4 11. Nxc6 dxc6 12. Bf3 O-O 13. Qe2 e5 14. Rfe1
Be6 15. Qe3 Qxe3 16. Rxe3 Rfd8 17. Nb3 b6 18. Kf1 c5 19. Ke1 c4 20. Nd2 Rac8
21. c3 Rc6 22. Be2 b5 23. Nf3 Rc5 24. Rd1 Rxd1+ 25. Bxd1 h6 26. Nd2 Kf8 27. g4
Nd7 28. b4 Rc6 29. a4 Rd6 30. a5 Ke7 31. Bc2 Nf8 32. Nf3 Ng6 33. Kf1 f6 34. Kg1
Nf4 35. Kh2 Bc8 36. Kg3 Bb7 37. Nh4 g6 38. Nf3 g5 39. Re1 Nd3 40. Rd1 Bxe4 41.
Nd2 Nxf2 42. Nxe4 Nxe4+ 43. Bxe4 Rxd1 44. Bb7 Rd3+ 45. Kg2 Rxc3 46. Bxa6 Rb3
47. Bxb5 Rxb4 48. Bc6 Kd6 49. Be8 Kc5 50. Kf3 Kd4 51. a6 Rb3+ 52. Kg2 Ra3 53.
Bb5 Ra5 54. a7 0-1

[Event "Landesklasse West 2011/2012"]
[Site "?"]
[Date "2011.04.01"]
[Round "8"]
[White "Wiefel, Erik"]
[Black "Kleinsteuber, Erik"]
[Result "1-0"]
[WhiteElo "1732"]
[BlackElo "1671"]
[PlyCount "116"]
[EventDate "2011.??.??"]
[WhiteTeam "Randspringer Bad Salzungen"]
[BlackTeam "SG Barchfeld/Breitungen"]

1. e4 e6 2. d4 d5 3. exd5 exd5 4. Bd3 Bd6 5. c3 Nf6 6. Bg5 O-O 7. Nf3 Re8+ 8.
Be2 Bf5 9. O-O Nbd7 10. Re1 c6 11. Nbd2 Qc7 12. h3 Bf4 13. Bxf4 Qxf4 14. Nf1
Ne4 15. g3 Qh6 16. h4 Re6 17. Qc1 Rae8 18. Qxh6 Rxh6 19. Kg2 Rhe6 20. Ne3 Bg6
21. Bd3 h6 22. c4 Nb6 23. c5 Nd7 24. b4 Nc3 25. Bxg6 fxg6 26. a4 a6 27. Ra3 Ne4
28. Rb1 Rf8 29. Rb2 b6 30. Ng4 Nef6 31. Nfe5 Nxe5 32. Nxe5 b5 33. axb5 axb5 34.
Ra6 Rc8 35. Nxg6 Nd7 36. Nf4 Re4 37. Rd2 Kf7 38. Ra7 Ke8 39. f3 Re3 40. Re2
Rxe2+ 41. Nxe2 Kd8 42. Kf2 Rc7 43. Ra8+ Rc8 44. Rxc8+ Kxc8 45. h5 Kd8 46. Nf4
Ke8 47. Ng6 Kf7 48. Ke3 Kf6 49. g4 Nb8 50. Nf4 Nd7 51. Nd3 Nb8 52. Ne5 Ke6 53.
Kf4 Ke7 54. g5 hxg5+ 55. Kxg5 Kf8 56. Kg6 Na6 57. Nxc6 Nc7 58. f4 Ne6 1-0

[Event "Landesklasse West 2011/2012"]
[Site "?"]
[Date "2011.04.01"]
[Round "8"]
[White "Römhild, Uwe"]
[Black "Wirsing, Frank"]
[Result "1/2-1/2"]
[WhiteElo "1691"]
[BlackElo "1629"]
[PlyCount "98"]
[EventDate "2011.??.??"]
[WhiteTeam "SG Barchfeld/Breitungen"]
[BlackTeam "Randspringer Bad Salzungen"]

1. e4 e5 2. d4 exd4 3. Qxd4 Nc6 4. Qe3 b6 5. Nc3 Nb4 6. Bd3 Ba6 7. Qe2 Nxd3+ 8.
cxd3 Ne7 9. Bf4 Ng6 10. Bg3 c6 11. f4 d6 12. Nf3 f6 13. Nd4 Qd7 14. O-O-O O-O-O
15. h3 Be7 16. Qc2 Bb7 17. Nf5 Bf8 18. Rhe1 Ne7 19. Nd4 f5 20. Nf3 g6 21. Ng5
Ng8 22. Qb3 d5 23. e5 Nh6 24. d4 Be7 25. Nf3 Qe6 26. Qc2 Nf7 27. Bh4 Bxh4 28.
Nxh4 Kc7 29. Kb1 Kb8 30. Qf2 Rhf8 31. Nf3 Bc8 32. Rc1 Rd7 33. Rc2 Rc7 34. Rec1
Ba6 35. Qe3 Rfc8 36. Nd1 Nd8 37. Qa3 Bb5 38. Ka1 Qe7 39. Qxe7 Rxe7 40. Nc3 Ba6
41. b4 Rcc7 42. Kb2 Bc4 43. Nb1 Ne6 44. g3 Kb7 45. Kc3 Re8 46. Kd2 Ra8 47. Na3
b5 48. Nxc4 bxc4 49. a4 Kc8 1/2-1/2

[Event "Landesklasse West 2011/2012"]
[Site "?"]
[Date "2011.04.01"]
[Round "8"]
[White "Klingler, Lutz"]
[Black "Hanel, Paul"]
[Result "1/2-1/2"]
[WhiteElo "1957"]
[BlackElo "1858"]
[PlyCount "46"]
[EventDate "2011.??.??"]
[WhiteTeam "SV Schmalkalden 04"]
[BlackTeam "SV Wartburgstadt Eisenach"]

1. f4 d5 2. Nf3 Nf6 3. e3 g6 4. b4 Bg7 5. Bb2 O-O 6. Be2 b6 7. O-O c5 8. b5 a5
9. a4 Nbd7 10. Ne5 Ne4 11. Nc6 Qe8 12. Bxg7 Kxg7 13. d3 Nd6 14. Nd2 e5 15. e4
dxe4 16. dxe4 exf4 17. Rxf4 Ne5 18. Nxe5 Qxe5 19. g3 Be6 20. Rb1 Rad8 21. Nf3
Qc3 22. Qd3 Qxd3 23. cxd3 f6 1/2-1/2

[Event "Landesklasse West 2011/2012"]
[Site "?"]
[Date "2011.04.01"]
[Round "8"]
[White "Schwarz, Hilmar"]
[Black "Lesser, Thomas"]
[Result "1/2-1/2"]
[WhiteElo "1779"]
[BlackElo "1856"]
[PlyCount "59"]
[EventDate "2011.??.??"]
[WhiteTeam "SV Wartburgstadt Eisenach"]
[BlackTeam "SV Schmalkalden 04"]

1. e4 e5 2. Nf3 Nc6 3. Bc4 Bc5 4. d3 d6 5. O-O Bg4 6. Be3 Nd4 7. Nbd2 Nf6 8. c3
Nxf3+ 9. Nxf3 Bb6 10. h3 Be6 11. Bxe6 fxe6 12. Qb3 Qd7 13. Bxb6 axb6 14. Rfe1
O-O 15. Ng5 Rae8 16. Rad1 d5 17. exd5 exd5 18. Ne4 Kh8 19. Nxf6 gxf6 20. c4 d4
21. Rd2 Rg8 22. Kh1 Rg7 23. Qc2 Reg8 24. f3 Rg3 25. Rf2 Qf5 26. Qe2 c6 27. Qe4
Qg5 28. Qe2 Qf5 29. Qe4 Qg5 30. Qe2 1/2-1/2

[Event "Landesklasse West 2011/2012"]
[Site "?"]
[Date "2011.04.01"]
[Round "8"]
[White "Klein, Matthias"]
[Black "Neef, Michael"]
[Result "1/2-1/2"]
[WhiteElo "1788"]
[BlackElo "1879"]
[PlyCount "100"]
[EventDate "2011.??.??"]
[WhiteTeam "SV Schmalkalden 04"]
[BlackTeam "SV Wartburgstadt Eisenach"]

1. Nc3 d5 2. e4 d4 3. Nce2 e5 4. Nf3 Bd6 5. Ng3 c5 6. Bc4 Nf6 7. d3 h6 8. a3
O-O 9. O-O Nc6 10. Bd2 a6 11. Qc1 Kh7 12. Ne1 Qc7 13. f4 exf4 14. Bxf4 Bxf4 15.
Rxf4 Ne5 16. Ba2 Ng6 17. Rf1 b5 18. Nf5 Ng4 19. Nf3 Bxf5 20. exf5 N6e5 21. Qf4
Nxf3+ 22. Rxf3 Qxf4 23. Rxf4 Ne3 24. c3 dxc3 25. bxc3 Rad8 26. d4 cxd4 27. Rxd4
Rxd4 28. cxd4 Rd8 29. Bxf7 Rxd4 30. Bg6+ Kg8 31. Rc1 Rd1+ 32. Rxd1 Nxd1 33. Be8
Ne3 34. Bd7 Kf7 35. Kf2 Nc4 36. Be6+ Kf6 37. Bxc4 bxc4 38. g4 c3 39. Ke3 g6 40.
fxg6 Kxg6 41. h4 Kf6 42. g5+ hxg5 43. hxg5+ Kxg5 44. Kd3 Kf5 45. Kxc3 Ke5 46.
Kb4 Kd5 47. Ka5 Kc6 48. Kxa6 Kc7 49. a4 Kb8 50. Kb6 Ka8 1/2-1/2

[Event "Landesklasse West 2011/2012"]
[Site "?"]
[Date "2011.04.01"]
[Round "8"]
[White "Königsdörfer, Gerhard"]
[Black "Krannich, Steffen"]
[Result "1/2-1/2"]
[WhiteElo "1864"]
[BlackElo "1748"]
[PlyCount "41"]
[EventDate "2011.??.??"]
[WhiteTeam "SV Wartburgstadt Eisenach"]
[BlackTeam "SV Schmalkalden 04"]

1. e4 d5 2. exd5 Nf6 3. c4 c6 4. d4 cxd5 5. Nc3 g6 6. Bg5 Bg7 7. Bxf6 Bxf6 8.
Nxd5 Bg7 9. Nf3 Bg4 10. Be2 Bxf3 11. Bxf3 Nc6 12. O-O O-O 13. Nc3 Nxd4 14. Bxb7
Rb8 15. Bd5 e6 16. Be4 Rxb2 17. Rb1 Qb6 18. Na4 Rxb1 19. Bxb1 Qb4 20. c5 Rc8
21. Bc2 1/2-1/2

[Event "Landesklasse West 2011/2012"]
[Site "?"]
[Date "2011.04.01"]
[Round "8"]
[White "Burkhardt, Christian"]
[Black "Heyl, Peter"]
[Result "1/2-1/2"]
[WhiteElo "1683"]
[BlackElo "1676"]
[PlyCount "26"]
[EventDate "2011.??.??"]
[WhiteTeam "SV Schmalkalden 04"]
[BlackTeam "SV Wartburgstadt Eisenach"]

1. d4 d5 2. c4 e6 3. Nc3 Nf6 4. Bg5 Be7 5. e3 Nbd7 6. Nf3 O-O 7. Rc1 c6 8. Bd3
dxc4 9. Bxc4 Nd5 10. Bxe7 Qxe7 11. O-O Nxc3 12. Rxc3 e5 13. Qc2 exd4 1/2-1/2

[Event "Landesklasse West 2011/2012"]
[Site "?"]
[Date "2011.04.01"]
[Round "8"]
[White "Ulbricht, Olaf"]
[Black "Weigend, Joachim"]
[Result "0-1"]
[WhiteElo "1634"]
[BlackElo "1827"]
[PlyCount "40"]
[EventDate "2011.??.??"]
[WhiteTeam "SV Wartburgstadt Eisenach"]
[BlackTeam "SV Schmalkalden 04"]

1. e4 e5 2. f4 exf4 3. Nf3 Nc6 4. Bc4 Nf6 5. Nc3 d6 6. Bxf7+ Kxf7 7. Ng5+ Kg8
8. O-O Bg4 9. Ne2 h6 10. Nf3 Nxe4 11. d3 Ng5 12. Nxg5 hxg5 13. h3 Bxe2 14. Qxe2
Qe7 15. Qg4 Rh4 16. Qf3 Re8 17. Bd2 Nd4 18. Qxb7 f3 19. c3 Ne2+ 20. Kh1 Ng3+
0-1

[Event "Landesklasse West 2011/2012"]
[Site "?"]
[Date "2011.04.01"]
[Round "8"]
[White "Tischner, Manfred"]
[Black "Röder, Detlef"]
[Result "1/2-1/2"]
[WhiteElo "1735"]
[BlackElo "1643"]
[PlyCount "53"]
[EventDate "2011.??.??"]
[WhiteTeam "SV Wartburgstadt Eisenach"]
[BlackTeam "SV Schmalkalden 04"]

1. e4 e5 2. Nf3 Nc6 3. Bc4 Bc5 4. d3 d6 5. Be3 Bxe3 6. fxe3 Nf6 7. Qe2 O-O 8.
a3 Qe7 9. O-O Be6 10. Nbd2 Bxc4 11. Nxc4 a6 12. Ncd2 Nd7 13. Qf2 f5 14. Qg3 f4
15. Qf2 fxe3 16. Qxe3 Nc5 17. b3 Ne6 18. g3 Ned4 19. Rac1 Nxf3+ 20. Nxf3 Rf7
21. Nh4 Rxf1+ 22. Rxf1 Rf8 23. Rxf8+ Qxf8 24. Nf3 Qf6 25. Kg2 Nd4 26. Nxd4 exd4
27. Qf2 1/2-1/2

[Event "Landesklasse West 2011/2012"]
[Site "?"]
[Date "2011.04.01"]
[Round "8"]
[White "Lehmann, Peter"]
[Black "Kachel, Alfred"]
[Result "0-1"]
[WhiteElo "1908"]
[BlackElo "1954"]
[PlyCount "76"]
[EventDate "2011.??.??"]
[WhiteTeam "ESV Lok Meiningen"]
[BlackTeam "Schachclub Rochade Leinefelde"]

1. d4 d5 2. Nf3 c6 3. e3 Nf6 4. Bd3 Bg4 5. c4 e6 6. Qb3 Qc7 7. Ne5 Bh5 8. Bd2
Nbd7 9. f4 Nxe5 10. fxe5 Nd7 11. e4 dxc4 12. Qxc4 Nb6 13. Qc3 Rd8 14. Be3 Be7
15. a4 a5 16. Qxa5 Ra8 17. Qd2 Rxa4 18. Rxa4 Nxa4 19. O-O O-O 20. b3 Nb6 21.
Qc3 Ra8 22. d5 exd5 23. Kh1 c5 24. Bf4 Qc6 25. Qc2 Bg6 26. Nc3 c4 27. Nxd5 Nxd5
28. exd5 cxd3 29. Qxc6 bxc6 30. dxc6 Be4 31. c7 g5 32. Rc1 gxf4 33. c8=Q+ Rxc8
34. Rxc8+ Kg7 35. Rc1 Bc5 36. h4 Be3 37. Rd1 f3 38. Kh2 fxg2 0-1

[Event "Landesklasse West 2011/2012"]
[Site "?"]
[Date "2011.04.01"]
[Round "8"]
[White "Pfitzenreuter, Gerald"]
[Black "Hocke, Sebastian"]
[Result "0-1"]
[WhiteElo "1939"]
[BlackElo "1846"]
[PlyCount "82"]
[EventDate "2011.??.??"]
[WhiteTeam "Schachclub Rochade Leinefelde"]
[BlackTeam "ESV Lok Meiningen"]

1. d4 Nf6 2. c4 e6 3. Nf3 d5 4. Nc3 Bb4 5. cxd5 exd5 6. Bg5 h6 7. Bh4 g5 8. Bg3
Ne4 9. Qb3 c5 10. Be5 O-O 11. Bxb8 Rxb8 12. e3 Qf6 13. Qc2 Bf5 14. Bd3 b5 15.
O-O Bxc3 16. bxc3 c4 17. Bxe4 Bxe4 18. Qd1 Bxf3 19. Qxf3 Qxf3 20. gxf3 b4 21.
Rfc1 f5 22. cxb4 Rxb4 23. Rc2 Kf7 24. Rac1 Ke6 25. Kg2 Rfb8 26. Kg3 Rb1 27.
Rxb1 Rxb1 28. h4 f4+ 29. exf4 gxh4+ 30. Kxh4 Kf5 31. Kg3 Rg1+ 32. Kh2 Rd1 33.
Re2 Kxf4 34. Re7 Kxf3 35. Rxa7 Rxd4 36. Rf7+ Rf4 37. Rd7 Kxf2 38. Kh3 d4 39. a4
d3 40. a5 Rf6 41. Rd4 Ke3 0-1

[Event "Landesklasse West 2011/2012"]
[Site "?"]
[Date "2011.04.01"]
[Round "8"]
[White "Grube, Jan"]
[Black "Frank, Thomas"]
[Result "1-0"]
[WhiteElo "1780"]
[BlackElo "1891"]
[PlyCount "113"]
[EventDate "2011.??.??"]
[WhiteTeam "ESV Lok Meiningen"]
[BlackTeam "Schachclub Rochade Leinefelde"]

1. c4 Nf6 2. d4 g6 3. Nc3 Bg7 4. e4 d6 5. Nf3 O-O 6. Be2 e5 7. dxe5 dxe5 8. Bg5
Nbd7 9. Nd5 c6 10. Nxf6+ Nxf6 11. Qd2 Qc7 12. Bxf6 Bxf6 13. O-O Be6 14. Rfd1
Rad8 15. Qe3 b6 16. h3 Bg7 17. Ng5 Bc8 18. Qg3 f6 19. Nf3 Be6 20. b3 Bh6 21.
Ne1 Qe7 22. Bg4 Bf7 23. Qc3 Qc5 24. Nd3 Qe7 25. Nb4 Qc7 26. c5 Rxd1+ 27. Rxd1
a5 28. Nc2 Rd8 29. cxb6 Rxd1+ 30. Bxd1 Qxb6 31. Be2 Bf8 32. Bc4 Bc5 33. Bxf7+
Kxf7 34. Qd2 Bd4 35. Qe2 Qc5 36. Kf1 Ke7 37. f3 Bg1 38. g4 h6 39. Qd2 h5 40.
Ne1 Be3 41. Qd3 hxg4 42. hxg4 Bf4 43. Ke2 Bg3 44. Kd1 Qf2 45. Qd2 Qc5 46. Nd3
Qd4 47. Kc2 Qa1 48. Qxa5 Qf1 49. Qc5+ Kf7 50. Qe3 Qa1 51. a4 Qa2+ 52. Kc3 Bh4
53. Nb4 Qa1+ 54. Kc4 Bg5 55. Qc3 Qf1+ 56. Kc5 f5 57. Qc4+ 1-0

[Event "Landesklasse West 2011/2012"]
[Site "?"]
[Date "2011.04.01"]
[Round "8"]
[White "Dittrich, Frank"]
[Black "Von Otte, Wilhelm"]
[Result "1/2-1/2"]
[WhiteElo "1784"]
[BlackElo "1849"]
[PlyCount "102"]
[EventDate "2011.??.??"]
[WhiteTeam "Schachclub Rochade Leinefelde"]
[BlackTeam "ESV Lok Meiningen"]

1. e4 e6 2. d4 d5 3. exd5 exd5 4. Nf3 Bg4 5. Be2 Bd6 6. O-O Ne7 7. h3 Bf5 8. c3
c6 9. Nbd2 Nd7 10. Nb3 Qc7 11. Re1 O-O 12. Bd3 Bxd3 13. Qxd3 Ng6 14. Bd2 Rae8
15. Rxe8 Rxe8 16. Re1 Rxe1+ 17. Nxe1 Nf6 18. Qe2 Ne4 19. Nd3 b6 20. Be1 h6 21.
Nd2 Nf6 22. Kf1 c5 23. dxc5 bxc5 24. c4 Bf8 25. Kg1 d4 26. Ne4 Nd7 27. Bd2 Nde5
28. b3 Nxd3 29. Qxd3 Qe5 30. Ng3 Bd6 31. Qe4 Qe7 32. Qxe7 Bxe7 33. Kf1 Kf8 34.
Ke2 Ke8 35. Nf5 Bf8 36. f4 Kd7 37. b4 Ke6 38. Ng3 f5 39. bxc5 Bxc5 40. Kd3 Ne7
41. Ne2 Nc6 42. Nc1 Kd6 43. Nb3 g6 44. h4 h5 45. g3 a6 46. Be1 Bb6 47. a3 Bc5
48. Nxc5 Kxc5 49. Bf2 Nd8 50. Bxd4+ Kd6 51. Bc3 Ne6 1/2-1/2

[Event "Landesklasse West 2011/2012"]
[Site "?"]
[Date "2011.04.01"]
[Round "8"]
[White "Jörges, Frank"]
[Black "Müller, Sebastian"]
[Result "1/2-1/2"]
[WhiteElo "1803"]
[BlackElo "1839"]
[PlyCount "24"]
[EventDate "2011.??.??"]
[WhiteTeam "ESV Lok Meiningen"]
[BlackTeam "Schachclub Rochade Leinefelde"]

1. d4 Nf6 2. Nf3 e6 3. e3 b6 4. Nbd2 Bb7 5. Bd3 c5 6. c3 Nc6 7. Qe2 d5 8. O-O
cxd4 9. exd4 Bd6 10. Ne5 Qc7 11. Ndf3 Bxe5 12. Nxe5 Nxe5 1/2-1/2